DFB Pokal-Vereinsleistungen #2 - Statistiken

Allgemein
  • Dieses Quiz wurde 16 mal gespielt
  • Das Durchschnittsergebnis liegt bei 14 aus 53
Antwortstatistiken
Hint Antwort % Korrekt
FC Saarbrücken Halbfinale
71%
MSV Duisburg Finale
64%
Alemannia Achen Finale
57%
Rot Weiß Oberhausen Halbfinale
57%
TSV 1860 München Pokalsieg
57%
Rot Weiß Essen Pokalsieg
50%
Bayer 05 Uerdingen Pokalsieg
50%
SV Meppen Achtelfinale
43%
FC Energie Cottbus Finale
43%
Stuttgarter Kickers Finale
43%
Rapid Wien Pokalsieg
43%
Bremer SV 1. Runde
36%
FSV Zwickau Achtelfinale
36%
Schwarz Weiß Essen Pokalsieg
36%
First Vienna FC Pokalsieg
36%
Dresdner SC Pokalsieg
36%
FC Viktoria Köln 2. Runde
29%
FC Erzgebirge Aue Achtelfinale
29%
Fortuna Köln Finale
29%
FC Hansa Rostock Halbfinale
29%
Wuppertaler SV Halbfinale
29%
FC Viktoria Berlin 1. Runde
21%
Rot Weiß Erfurt 3. Runde
21%
FC Ingolstadt 04 Achtelfinale
21%
VFB Oldenburg Achtelfinale
21%
SV Wacker Burghausen Achtelfinale
21%
Carl Zeiss Jena Halbfinale
21%
Chemnitzer FC Halbfinale
21%
SV Sandhausen Viertelfinale
21%
FC Bayern München II Viertelfinale
21%
SpVgg Unterhaching Viertelfinale
21%
TSV Havelse 3. Runde
14%
SC Verl Achtelfinale
14%
FC- Astoria Walldorf Achtelfinale
14%
SV Waldhof Mannheim Finale
14%
Borussia Neunkirchen Finale
14%
VFB Lübeck Halbfinale
14%
SV Eintracht Trier 05 Halbfinale
14%
Tennis Borussia Berlin Halbfinale
14%
Kickers Offenbach Pokalsieg
14%
SSV Jahn Regensburg Viertelfinale
14%
FC 08 Homburg Viertelfinale
14%
SpVgg Bayreuth Viertelfinale
14%
Hallescher FC 2. Runde
7%
BFC Dynamo 2. Runde
7%
Würzburger Kickers 2. Runde
7%
FSV Frankfurt Finale
7%
Altona 93 Halbfinale
7%
VFR Mannheim Halbfinale
7%
FC Lokomotive Leipzig Pokalsieg
7%
Vfl Osnabrück Viertelfinale
7%
SV Wehen Wiesbaden Viertelfinale
7%
SSV Ulm 1846 Viertelfinale
7%
Keine übereinstimmenden Quizze gefunden
Verteilung der Resultate
Anzahl Personen mit jedem Resultat
Perzentil nach korrekt beantworteten Fragen
Ihre Resultats-Entwicklung
Sie haben dieses Quiz noch nicht gespielt